|
|
|
|
| LEADER |
00000nam0a2200000 4500 |
| 001 |
98319 |
| 005 |
20231031111309.0 |
| 010 |
|
|
|a 5279029149
|
| 035 |
|
|
|a (RuTPU)RU\TPU\book\105386
|
| 090 |
|
|
|a 98319
|
| 100 |
|
|
|a 20060616d2005 m y0rusy50 ca
|
| 101 |
0 |
|
|a rus
|
| 102 |
|
|
|a RU
|
| 105 |
|
|
|a a j 001zy
|
| 200 |
1 |
|
|a Основы статистики
|e учебное пособие
|f Н. Т. Рафикова
|
| 210 |
|
|
|a Москва
|c Финансы и статистика
|d 2005
|
| 215 |
|
|
|a 352 с.
|c ил.
|
| 320 |
|
|
|a Библиогр.: с. 350-351.
|
| 330 |
|
|
|a Пособие состоит из двух частей. В первой части (гл. 1—9) излагаются основы теории статистики, во второй (гл. 10—20) — представлена система показателей по разделам курса "Сельскохозяйственная статистика с основами социально-экономической статистики", разработанная в соответствии с требованиями нового поколения государственных образовательных стандартов. Основные темы социально-экономической статистики рассматриваются на примере сельского хозяйства. С целью лучшего усвоения учебного материала во всех главах представлены методика и алгоритм решения практических задач, даны контрольные вопросы. Для студентов экономических специальностей аграрных вузов, а также для практических работников различных секторов экономики.
|
| 610 |
1 |
|
|a статистика
|
| 610 |
1 |
|
|a теория
|
| 610 |
1 |
|
|a статистические материалы
|
| 610 |
1 |
|
|a статистическая группировка
|
| 610 |
1 |
|
|a статистические сводки
|
| 610 |
1 |
|
|a статистические показатели
|
| 610 |
1 |
|
|a статистические таблицы
|
| 610 |
1 |
|
|a статистические графики
|
| 610 |
1 |
|
|a средние величины
|
| 610 |
1 |
|
|a индексы
|
| 610 |
1 |
|
|a выборочное наблюдение
|
| 610 |
1 |
|
|a корреляционный анализ
|
| 610 |
1 |
|
|a ряды динамики
|
| 610 |
1 |
|
|a экономическая статистика
|
| 610 |
1 |
|
|a сельскохозяйственная статистика
|
| 610 |
1 |
|
|a земельный фонд
|
| 610 |
1 |
|
|a животноводство
|
| 610 |
1 |
|
|a сельскохозяйственные машины
|
| 610 |
1 |
|
|a трудовые ресурсы
|
| 610 |
1 |
|
|a продукция
|
| 610 |
1 |
|
|a сельскохозяйственные предприятия
|
| 610 |
1 |
|
|a учебные пособия
|
| 686 |
|
|
|a С60я73
|v LBC/SL-A
|2 rubbk
|
| 686 |
|
|
|a У051я73
|v LBC/SL-A
|2 rubbk
|
| 700 |
|
1 |
|a Рафикова
|b Н. Т.
|g Нурия Тимергалеевна
|
| 801 |
|
1 |
|a RU
|b 63413507
|c 20060616
|g PSBO
|
| 801 |
|
2 |
|a RU
|b 63413507
|c 20210601
|g PSBO
|
| 900 |
|
|
|a Статистика
|
| 942 |
|
|
|c BK
|
| 953 |
|
|
|b 080502
|b 110300
|
| 959 |
|
|
|a 55/20060614
|d 2
|e 110,00
|f АНЛ:1
|f НФ:1
|
| 959 |
|
|
|a 57/20060619
|d 1
|e 143,99
|f ЧЗГЛ:1
|